000 00781nam a2200253Ia 4500
003 OSt
005 20221005104903.0
006 a|||||r|||| 00| 0
007 ta
008 221004b |||||||| |||| 00| 0 hin d
024 _a32331
037 _cTextual
040 _aCRL
_cCRL
_bhin
041 _2hin
_ahin
082 _aO152,3N361,24, M4
100 _aभ्रमर, रामकुमार
245 0 _aअनन्त
246 _aAnanta
260 _aदिल्ली
_bसरस्वती विहार भारत
_c1984
300 _a143पृ.
_ccm.
650 _aहिन्दी उपन्यास
942 _hO152,3N361,24, M4
_cTEXL
_2cc
999 _c1014072
_d1014072